01241nam a22003497a 4500003000500000005001700005008004100022010001000063011001000073035001000083040000900093082001400102100002400116245004700140260003500187300001100222590004100233590004100274590004100315590004100356590004100397590004200438650005800480650006900538700002500607700002800632901000700660942001000667949006300677999001700740952013400757CHAP20220329135204.0971013s1970 r 00010 d a32339 a33311 a37426 cCHAP a029.7bN500aNie, Norman.981217 aStatistical package for the social science aNew York :bMcGraw-Hill,c1970 a343 p. aBATCH-UPDb10c20130109lUCH01h2357 aBATCH-UPDb10c20130110lUCH01h2205 aBATCH-UPDb10c20130409lUCH01h1931 aBATCH-UPDb10c20130410lUCH01h1510 aBATCH-UPDb10c20130914lUCH01h0936 aCONVERSIONb10c20130109lUCH01h131814aCiencias socialesxServicios de información.92323414aProcesamiento automático de datos en ciencias sociales.9917650 aBent, Dale H.9116900 aHull, C. Hadlai.956845 aBK cLIBRO a029.7 N5bBCcLIBROd33724000297743eLIBROh1185i37426si c32339d32339 00102ddc4052708GRALaBCbBCcPA_GRALd2019-12-31fLIBROl0o029.7 N5p33724000297743r2019-12-31 00:00:00w2019-12-31yLIBRO